| 000 -ლიდერი |
| ფიქსირებული სიგრძის საკონტროლო ველი |
01239nam a22002177a 4500 |
| 003 - საკონტროლო ნომრის იდენტიფიკატორი |
| საკონტროლო ველი |
Ge_BSU |
| 005 - ბოლო ოპერაციის თარიღი და დრო |
| საკონტროლო ველი |
20260415111156.0 |
| 008 - ფიქსირებული სიგრძის მონაცემთა ელემენტები - ზოგადი ინფორმაცია |
| ფიქსირებული სიგრძის საკონტროლო ველი |
260415s2000 ge ||||| |||| 00| 0 geo d |
| 020 ## - წიგნის საერთაშორისო სტანდარტული ნომერი |
| International Standard Book Number |
9789941171956 |
| 041 ## - ენის კოდი |
| Language code of text/sound track or separate title |
geo |
| 080 ## - უნივერსალური ათობითი კლასიფიკაციის ინდექსი |
| Universal Decimal Classification number |
338.22(075.8) შ-93 |
| 100 ## - მთავარი ჩანაწერი - პიროვნების სახელი |
| Personal name |
შუბლაძე, გიორგი |
| 9 (RLIN) |
572 |
| 245 ## - ცნობა სათაურის შესახებ |
| Title |
ბიზნესის საფუძვლები : |
| Remainder of title |
[სახელმძღვ. უმაღლ. სასწ. სტუდენტებისათვის] / |
| Statement of responsibility, etc |
გიორგი შუბლაძე, მანანა ნანიტაშვილი; [თსუ, გორის სახელმწ. უნ-ტი]. |
| 264 ## - წარმოების, გამოცემის, დისტრიბუციის და სხვა ცნობები |
| გამოცემის, წარმოების, დისტრიბუციის... ადგილი |
თბილისი : |
| გამოცემის, წარმოების, დისტრიბუციის... სახელწოდება |
უნივერსალი, |
| გამოცემის, წარმოების, დისტრიბუციის... თარიღი |
2010. |
| 300 ## - ფიზიკური აღწერა |
| Extent |
354 გვ. : |
| Other physical details |
ცხრ., ნახ. ; |
| Dimensions |
20 სმ. |
| 504 ## - BIBLIOGRAPHY, ETC. NOTE |
| Bibliography, etc |
ბიბლიოგრ.: გვ. 353-354. |
| 653 ## - INDEX TERM--UNCONTROLLED |
| Uncontrolled term |
ბიზნესი |
| 700 ## - ADDED ENTRY--PERSONAL NAME |
| Personal name |
ნანიტაშვილი, მანანა |
| Relator term |
ავტორი |
| 9 (RLIN) |
27314 |
| 710 ## - ADDED ENTRY--CORPORATE NAME |
| Corporate name or jurisdiction name as entry element |
თბილისის სახელმწ. უნივერსიტეტი (თსუ) |
| Subordinate unit |
გორის სახელმწ. უნივერსიტეტი |
| 9 (RLIN) |
27315 |
| 942 ## - ADDED ENTRY ELEMENTS (KOHA) |
| Source of classification or shelving scheme |
|
| Koha item type |
წიგნი |